Music Quiz

Random Music or Song Quiz

Billboard Top 10 (August 2017) Quiz Stats

Quiz not verified by Sporcle

Challenge
Share
Tweet
Embed
Score 0/10 Timer 10:00
0 Plays Today
Position Song % Correct
#1Despacito
94.9%
#4I'm The One
89.7%
#6Shape Of You
89.7%
#3That's What I Like
87.2%
#2Wild Thoughts
81.2%
#10Attention
78.6%
#7Believer
74.4%
#8There's Nothing Holdin' Me Back
66.7%
#5Unforgettable
65.8%
#9Body Like A Back Road
53%

You're not logged in!

Compare scores with friends on all Sporcle quizzes.
Sign Up with Email
OR
Log In

You Might Also Like...

Show Comments

Extras

Top Quizzes Today


Score Distribution

Your Account Isn't Verified!

In order to create a playlist on Sporcle, you need to verify the email address you used during registration. Go to your Sporcle Settings to finish the process.

Report this User

Report this user for behavior that violates our Community Guidelines.

Details: